000
00203nam a22001097a 4500
041
_a
ENG
245
_a
Firki
260
_a
Delhi
_b
Newsletter
_c
1999
300
_a
9
650
_a
EOES (12)
856
_u
EOES
999
_c
2704
_d
2704